000 00811cam a2200241 a 4500
001 14653489
005 20180110082932.0
008 061201s2008 mau b 001 0 eng
010 _a 2006939562
020 _a9780312447250 (pbk.)
020 _a0312447256 (pbk.)
040 _aDLC
_cDLC
_dDLC
041 _aeng
080 _a371.9 WIL
082 0 0 _a371.9 WIL
_222
100 _a46
101 _aEDU
245 0 0 _aDisability and the teaching of writing :
_cedited by Cynthia Lewiecki-Wilson, Brenda Jo Brueggemann with Jay Dolmage.
504 _aIncludes bibliographical references (p. 271-280) and index.
906 _a7
_bcbc
_corignew
_d2
_eepcn
_f20
_gy-gencatlg
942 _2ddc
_cBK
999 _c40038
_d40038